[Event "Alegre op"]
[Site "Alegre"]
[Date "2024.03.10"]
[Round "4"]
[White "Cardoso, Leandro Ubialli"]
[Black "Jardim, Frederico Rodrigues"]
[Result "0-1"]
[WhiteElo "1896"]
[BlackElo "1942"]
[PlyCount "134"]
[EventDate "2024.03.08"]
[EventType "swiss"]
[EventRounds "5"]
[EventCountry "BRA"]
[SourceTitle "CB12_2024"]
[SourceDate "2023.10.01"]
[SourceVersion "1"]
[SourceVersionDate "2023.10.01"]
[SourceQuality "1"]

1. e4 e5 2. Nf3 Nc6 3. d4 exd4 4. Nxd4 Nf6 5. Nxc6 bxc6 6. e5 Qe7 7. Qe2 Nd5 8. c4 Nb6 9. Nc3 Qe6 10. Bd2 Ba6 11. b3 0-0-0 12. 0-0-0 Ba3+ 13. Kb1 Rhe8 14. f4 f6 15. Re1 fxe5 16. fxe5 Qf5+ 17. Qd3 Rxe5 18. Rxe5 Qxe5 19. Qxh7 Bb4 20. Kc2 d5 21. cxd5 Bxf1 22. Rxf1 Bxc3 23. Qh3+ Kb8 24. Qxc3 Qe4+ 25. Qd3 Qxg2 26. Qf3 Qxh2 27. Rf2 Qh7+ 28. Qf5 Qxf5+ 29. Rxf5 cxd5 30. Rf7 Rd7 31. Rf8+ Kb7 32. Bf4 Re7 33. Kd3 Nd7 34. Rf5 Kc6 35. b4 Nb6 36. Be5 Kb5 37. Rg5 Kxb4 38. Bxg7 c5 39. Bf8 Rf7 40. Bd6 Rf3+ 41. Kc2 Nc4 42. Bg3 Ra3 43. Kb1 Nd2+ 44. Kb2 Nc4+ 45. Kb1 Rd3 46. Be1+ Kb5 47. Kc2 Re3 48. Bc3 Nb6 49. Bd2 Re4 50. Rg7 Ra4 51. Kb1 d4 52. Rg5 Kc4 53. Rg3 Nd5 54. Kb2 Ra6 55. Rg4 Nb4 56. a3 Nd3+ 57. Ka2 Rb6 58. Ba5 Rb2+ 59. Ka1 Re2 60. Rg7 Nc1 61. Kb1 Nb3 62. Bd8 Kc3 63. Rg3+ d3 64. Bf6+ Nd4 65. Bxd4+ cxd4 66. Rg7 Re1+ 67. Ka2 d2 0-1

[Event "Alegre op"]
[Site "Alegre"]
[Date "2024.03.10"]
[Round "5"]
[White "Scharlau Pereira, Tiago"]
[Black "Cardoso, Leandro Ubialli"]
[Result "0-1"]
[WhiteElo "1764"]
[BlackElo "1896"]
[PlyCount "59"]
[EventDate "2024.03.08"]
[EventType "swiss"]
[EventRounds "5"]
[EventCountry "BRA"]
[SourceTitle "CB12_2024"]
[SourceDate "2023.10.01"]
[SourceVersion "1"]
[SourceVersionDate "2023.10.01"]
[SourceQuality "1"]

1. e4 c5 2. Nf3 g6 3. d4 cxd4 4. Nxd4 Bg7 5. c4 Nc6 6. Be3 d6 7. Nc3 Nf6 8. Be2 0-0 9. 0-0 a6 10. Rb1 Nxd4 11. Bxd4 Nd7 12. Bxg7 Kxg7 13. Qd4+ Kg8 14. Nd5 Rb8 15. Rfc1 Nc5 16. b4 Ne6 17. Qe3 Nc7 18. Qh6 Nxd5 19. exd5 b5 20. Rb3 e5 21. Rcc3 f5 22. Rg3 Rf7 23. h4 f4 24. Rg5 bxc4 25. Bxc4 Qf8 26. Qxf8+ Kxf8 27. Ra3 Rxb4 28. Bxa6 Bf5 29. h5 Ra7 30. hxg6 0-1

[Event "Florianopolis op 10th"]
[Site "Florianopolis"]
[Date "2024.01.25"]
[Round "7"]
[White "Bonilla Viamonte, Diego Armando"]
[Black "Cardoso, Leandro Ubialli"]
[Result "0-1"]
[WhiteElo "1620"]
[BlackElo "1842"]
[PlyCount "76"]
[EventDate "2024.01.20"]
[EventType "swiss"]
[EventRounds "10"]
[EventCountry "BRA"]
[SourceTitle "CB05_2024"]
[SourceDate "2024.01.31"]
[SourceVersion "1"]
[SourceVersionDate "2024.01.31"]
[SourceQuality "1"]

1. e4 c5 2. c4 Nc6 3. Nc3 g6 4. g3 Bg7 5. Bg2 e6 6. Nge2 Nge7 7. 0-0 0-0 8. d3 a6 9. Be3 Nd4 10. f4 Rb8 11. a4 b6 12. g4 f5 13. g5 Bb7 14. e5 Bxg2 15. Kxg2 Nec6 16. Bxd4 cxd4 17. Na2 d6 18. exd6 Qxd6 19. Qd2 e5 20. b4 exf4 21. Nxf4 Ne5 22. h3 Qc6+ 23. Nd5 b5 24. axb5 axb5 25. Kg1 Rfe8 26. Rac1 bxc4 27. dxc4 Nxc4 28. Qg2 Rbc8 29. Rfe1 Kf8 30. Kh1 Rcd8 31. Ne3 Qxg2+ 32. Nxg2 Rxe1+ 33. Nxe1 Nb2 34. Rc2 d3 35. Rd2 Ra8 36. Nxd3 Nxd3 37. Rxd3 Rxa2 38. Rb3 Rb2 0-1

[Event "Florianopolis op 10th"]
[Site "Florianopolis"]
[Date "2024.01.23"]
[Round "5"]
[White "Carvalho, Guillermo"]
[Black "Cardoso, Leandro Ubialli"]
[Result "1/2-1/2"]
[WhiteElo "2149"]
[BlackElo "1842"]
[PlyCount "44"]
[EventDate "2024.01.20"]
[EventType "swiss"]
[EventRounds "10"]
[EventCountry "BRA"]
[SourceTitle "CB05_2024"]
[SourceDate "2024.01.31"]
[SourceVersion "1"]
[SourceVersionDate "2024.01.31"]
[SourceQuality "1"]

1. c4 e5 2. Nc3 Nf6 3. g3 d5 4. cxd5 Nxd5 5. Bg2 Nb6 6. Nf3 Nc6 7. d3 f6 8. Be3 Nd4 9. 0-0 Be7 10. a4 Be6 11. a5 Nxf3+ 12. Bxf3 Nd5 13. Nxd5 Bxd5 14. Qa4+ c6 15. Bxd5 Qxd5 16. Rfc1 0-0 17. a6 b5 18. Qa2 Qxa2 19. Rxa2 Rfc8 20. b3 Kf7 21. Rac2 Ba3 22. Ra1 Bb4 1/2-1/2

[Event "Criciuma op-A"]
[Site "Criciuma"]
[Date "2024.01.17"]
[Round "8"]
[White "Cardoso, Leandro Ubialli"]
[Black "Frankental, David"]
[Result "0-1"]
[WhiteElo "1842"]
[BlackElo "1939"]
[PlyCount "100"]
[EventDate "2024.01.12"]
[EventType "swiss"]
[EventRounds "9"]
[EventCountry "BRA"]
[SourceTitle "CB04_2024"]
[SourceDate "2023.10.16"]
[SourceVersion "1"]
[SourceVersionDate "2023.10.16"]
[SourceQuality "1"]

1. e4 e5 2. Nf3 Nc6 3. Bc4 Bc5 4. d3 d6 5. c3 Nf6 6. 0-0 0-0 7. Nbd2 Bg4 8. Re1 Na5 9. Bb5 a6 10. Ba4 b5 11. b4 Nb7 12. bxc5 bxa4 13. cxd6 Qxd6 14. Nc4 Bxf3 15. Qxf3 Qe6 16. Qf5 Qxf5 17. exf5 Nd6 18. Nxe5 Nxf5 19. Ba3 Rfe8 20. Nc6 Nd6 21. c4 Nd7 22. Rab1 f6 23. Kf1 Ne5 24. Nxe5 fxe5 25. g4 Rad8 26. f3 Nf7 27. Ke2 Ng5 28. Bc1 Ne6 29. Be3 Rb8 30. Kd2 Rf8 31. Rxb8 Rxb8 32. Kc2 a3 33. Rb1 Rf8 34. Rf1 Rb8 35. Rb1 Rf8 36. Rf1 Rb8 37. Bc1 Nd4+ 38. Kd2 Rb1 39. Kc3 c5 40. Kd2 g5 41. Kc3 h6 42. Kd2 Kf7 43. Kc3 Ke6 44. Kd2 Ra1 45. h4 Rxa2+ 46. Ke1 Ra1 47. Kf2 a2 48. hxg5 hxg5 49. Rh1 Rxc1 50. Rxc1 Nb3 0-1

[Event "Criciuma op-A"]
[Site "Criciuma"]
[Date "2024.01.13"]
[Round "2"]
[White "Cardoso, Leandro Ubialli"]
[Black "Do Nascimento, Christian Almeida"]
[Result "0-1"]
[WhiteElo "1842"]
[BlackElo "2123"]
[PlyCount "60"]
[EventDate "2024.01.12"]
[EventType "swiss"]
[EventRounds "9"]
[EventCountry "BRA"]
[SourceTitle "CB04_2024"]
[SourceDate "2023.10.16"]
[SourceVersion "1"]
[SourceVersionDate "2023.10.16"]
[SourceQuality "1"]

1. e4 e6 2. d4 d5 3. exd5 exd5 4. Nf3 Nc6 5. Bd3 Bd6 6. c3 Nge7 7. Qc2 Bg4 8. Nbd2 Qd7 9. 0-0 0-0-0 10. b4 Ng6 11. h3 Be6 12. Nb3 Nce7 13. Ng5 b6 14. a4 Kb8 15. b5 Nf4 16. Bxf4 Bxf4 17. Nxe6 Qxe6 18. Rfe1 Qf6 19. a5 h5 20. axb6 cxb6 21. g3 Bd6 22. Qa2 Nc8 23. c4 dxc4 24. Bxc4 h4 25. Nc5 Bxc5 26. dxc5 hxg3 27. cxb6 Qxb6 28. Re3 Rxh3 29. Rae1 Rdh8 30. Kf1 gxf2 0-1

[Event "Criciuma op-A"]
[Site "Criciuma"]
[Date "2024.01.13"]
[Round "3"]
[White "Lage, Pedro Ferreira"]
[Black "Cardoso, Leandro Ubialli"]
[Result "1/2-1/2"]
[WhiteElo "2100"]
[BlackElo "1842"]
[PlyCount "80"]
[EventDate "2024.01.12"]
[EventType "swiss"]
[EventRounds "9"]
[EventCountry "BRA"]
[SourceTitle "CB04_2024"]
[SourceDate "2023.10.16"]
[SourceVersion "1"]
[SourceVersionDate "2023.10.16"]
[SourceQuality "1"]

1. Nf3 Nf6 2. g3 b6 3. Bg2 Bb7 4. 0-0 e6 5. c4 c5 6. d4 cxd4 7. Qxd4 d6 8. Nc3 Nc6 9. Qd2 Be7 10. Rd1 a6 11. b3 0-0 12. Ba3 Ne8 13. Ne4 Qc7 14. Nxd6 Rd8 15. Nxe8 Rfxe8 16. Qb2 Bf6 17. Qc2 Bxa1 18. Rxa1 Nd4 19. Nxd4 Rxd4 20. Bb2 Rdd8 21. Qc3 f6 22. Bh3 Qc6 23. f3 Qd6 24. Kf2 Qd2 25. Qxd2 Rxd2 26. Bc3 Rdd8 27. a4 Rc8 28. Bd4 Rc6 29. a5 bxa5 30. Rxa5 Rd8 31. Be3 Rd1 32. b4 Kf7 33. b5 axb5 34. cxb5 Rc8 35. Ra7 Rd7 36. Bg2 Ra8 37. b6 Rxa7 38. bxa7 e5 39. f4 Bxg2 40. Kxg2 Rd8 1/2-1/2

[Event "Florianopolis op-B 04"]
[Site "Florianopolis"]
[Date "2023.05.01"]
[Round "6"]
[White "Da Silva, Luis Guilherme Pere"]
[Black "Cardoso, Leandro Ubialli"]
[Result "0-1"]
[WhiteElo "1641"]
[BlackElo "1779"]
[PlyCount "46"]
[EventDate "2023.04.28"]
[EventType "swiss"]
[EventRounds "6"]
[EventCountry "BRA"]
[SourceTitle "CBM 214 Extra"]
[Source "ChessBase"]
[SourceDate "2023.07.31"]
[SourceVersion "1"]
[SourceVersionDate "2023.07.31"]
[SourceQuality "1"]

1. d4 d5 2. c4 dxc4 3. Nf3 Nf6 4. e3 c5 5. Bxc4 e6 6. Nc3 a6 7. a4 Nc6 8. d5 exd5 9. Nxd5 Nxd5 10. Bxd5 Be7 11. Bxc6+ bxc6 12. Qc2 Be6 13. 0-0 0-0 14. e4 Rb8 15. Ne5 Qc7 16. f4 f5 17. Rb1 Rb4 18. Nd3 Rc4 19. Qf2 Rd4 20. Qg3 Bc4 21. Rd1 Rfd8 22. Nf2 Rxd1+ 23. Nxd1 Rxd1+ 0-1

[Event "Florianopolis op 9th"]
[Site "Florianopolis"]
[Date "2023.01.28"]
[Round "9"]
[White "Cardoso, Leandro Ubialli"]
[Black "Federzoni, Enzo"]
[Result "0-1"]
[WhiteElo "1732"]
[BlackElo "2123"]
[PlyCount "40"]
[EventDate "2023.01.23"]
[EventType "swiss"]
[EventRounds "10"]
[EventCountry "BRA"]
[SourceTitle "CBM 212 Extra"]
[Source "ChessBase"]
[SourceDate "2023.03.31"]
[SourceVersion "1"]
[SourceVersionDate "2023.03.31"]
[SourceQuality "1"]

1. e4 c5 2. Nf3 d6 3. d4 cxd4 4. Nxd4 Nf6 5. Nc3 a6 6. Be3 e5 7. Nb3 Be6 8. f3 h5 9. Nd5 Bxd5 10. exd5 Nbd7 11. Be2 g6 12. c4 Bh6 13. Bxh6 Rxh6 14. Qd2 Rh8 15. 0-0 Kf8 16. Kh1 Kg7 17. Rad1 h4 18. Qg5 Qb6 19. g3 Rh5 20. Qd2 hxg3 0-1

[Event "Florianopolis op 9th"]
[Site "Florianopolis"]
[Date "2023.01.26"]
[Round "6"]
[White "Marra, Eduardo da Costa"]
[Black "Cardoso, Leandro Ubialli"]
[Result "1/2-1/2"]
[WhiteElo "2275"]
[BlackElo "1732"]
[PlyCount "45"]
[EventDate "2023.01.23"]
[EventType "swiss"]
[EventRounds "10"]
[EventCountry "BRA"]
[SourceTitle "CBM 212 Extra"]
[Source "ChessBase"]
[SourceDate "2023.03.31"]
[SourceVersion "1"]
[SourceVersionDate "2023.03.31"]
[SourceQuality "1"]

1. e4 e6 2. d4 d5 3. e5 c5 4. c3 Nc6 5. Nf3 Qb6 6. Bd3 Bd7 7. 0-0 cxd4 8. Re1 Rc8 9. Qe2 Nge7 10. h4 dxc3 11. bxc3 d4 12. Qe4 dxc3 13. Nxc3 Qb4 14. Nb5 Nd5 15. Qe2 Qg4 16. Qb2 Ncb4 17. Bb1 Rxc1 18. Qxc1 Nf4 19. g3 Qxf3 20. gxf4 Qg4+ 21. Kh2 Qxh4+ 22. Kg1 Qg4+ 23. Kh2 1/2-1/2

[Event "Criciuma op"]
[Site "Criciuma"]
[Date "2023.01.18"]
[Round "8"]
[White "Cardoso, Leandro Ubialli"]
[Black "Goncalves, Nata"]
[Result "0-1"]
[WhiteElo "1732"]
[BlackElo "2013"]
[PlyCount "60"]
[EventDate "2023.01.13"]
[EventType "swiss"]
[EventRounds "9"]
[EventCountry "BRA"]
[SourceTitle "CBM 212 Extra"]
[Source "ChessBase"]
[SourceDate "2023.03.31"]
[SourceVersion "1"]
[SourceVersionDate "2023.03.31"]
[SourceQuality "1"]

1. e4 c5 2. Nf3 Nc6 3. Bb5 g6 4. 0-0 Bg7 5. c3 e5 6. Re1 Nge7 7. d3 0-0 8. Be3 d6 9. Qc1 Bg4 10. Nbd2 h6 11. h3 Be6 12. Nf1 Kh7 13. N3h2 f5 14. f4 fxe4 15. dxe4 exf4 16. Bxf4 Ne5 17. Qd2 c4 18. Be3 Nd3 19. Red1 Qa5 20. Bxc4 Bxc4 21. b3 Ba6 22. b4 Qa3 23. Bd4 Bxd4+ 24. cxd4 Qxb4 25. Qe3 Nf4 26. Ng4 Qb2 27. Nf2 Rac8 28. g3 Rc3 29. Rab1 Qxf2+ 30. Kxf2 Nfd5+ 0-1

[Event "Criciuma op"]
[Site "Criciuma"]
[Date "2023.01.17"]
[Round "7"]
[White "Carvalho, Felipe Lobo C"]
[Black "Cardoso, Leandro Ubialli"]
[Result "1-0"]
[WhiteElo "2068"]
[BlackElo "1732"]
[PlyCount "99"]
[EventDate "2023.01.13"]
[EventType "swiss"]
[EventRounds "9"]
[EventCountry "BRA"]
[SourceTitle "CBM 212 Extra"]
[Source "ChessBase"]
[SourceDate "2023.03.31"]
[SourceVersion "1"]
[SourceVersionDate "2023.03.31"]
[SourceQuality "1"]

1. d4 d5 2. Bf4 c5 3. e3 Nc6 4. Nf3 Nf6 5. c3 Qb6 6. Qb3 c4 7. Qc2 Bf5 8. Qc1 h6 9. h3 g5 10. Bg3 Ne4 11. Bh2 h5 12. Nbd2 g4 13. Nxe4 Bxe4 14. Nd2 Bg6 15. hxg4 0-0-0 16. g5 e5 17. Be2 Re8 18. b3 Bg7 19. bxc4 exd4 20. cxd4 Bxd4 21. cxd5 Bxe3 22. dxc6 Bxf2+ 23. Kf1 Rxe2 24. cxb7+ Kxb7 25. Kxe2 Re8+ 26. Kd1 Bd3 27. Qc7+ Qxc7 28. Bxc7 Be2+ 29. Kc2 Rc8 30. Nf3 Rxc7+ 31. Kd2 Bxf3 32. gxf3 h4 33. Rab1+ Ka6 34. Rhc1 Re7 35. Rc6+ Bb6 36. Rh6 Re5 37. f4 Ra5 38. Rb2 Ra3 39. Rxh4 Rf3 40. Rc2 Be3+ 41. Ke2 Rf2+ 42. Kd3 Rxf4 43. Rxf4 Bxf4 44. Rc5 Kb6 45. Rf5 Bc1 46. Rf6+ Kb5 47. Rxf7 a5 48. g6 Bh6 49. g7 Bxg7 50. Rxg7 1-0

[Event "Criciuma op"]
[Site "Criciuma"]
[Date "2023.01.17"]
[Round "6"]
[White "Dias, Clara"]
[Black "Cardoso, Leandro Ubialli"]
[Result "0-1"]
[WhiteElo "1430"]
[BlackElo "1732"]
[PlyCount "52"]
[EventDate "2023.01.13"]
[EventType "swiss"]
[EventRounds "9"]
[EventCountry "BRA"]
[SourceTitle "CBM 212 Extra"]
[Source "ChessBase"]
[SourceDate "2023.03.31"]
[SourceVersion "1"]
[SourceVersionDate "2023.03.31"]
[SourceQuality "1"]

1. e4 e6 2. d4 d5 3. Nc3 Nf6 4. e5 Nfd7 5. Nf3 c5 6. Ne2 cxd4 7. Nexd4 Qb6 8. c3 Nc6 9. Qa4 Bc5 10. Bb5 0-0 11. Nxc6 Bxf2+ 12. Kd1 bxc6 13. Bxc6 Nc5 14. Qb5 Rb8 15. Qxb6 Rxb6 16. Ke2 Ne4 17. Ba4 Ba6+ 18. Kd1 Bc5 19. Kc2 Nf2 20. Re1 Bd3+ 21. Kd2 Bg6 22. Bc2 Ne4+ 23. Bxe4 dxe4 24. Nd4 Rd8 25. Ke2 Bxd4 26. Rd1 Bh5+ 0-1

[Event "Santa Catarina op"]
[Site "Icara"]
[Date "2017.06.30"]
[Round "3"]
[White "Cardoso, Leandro Ubialli"]
[Black "Juliano, Joao Carlos Mazzini"]
[Result "0-1"]
[WhiteElo "1776"]
[BlackElo "1951"]
[PlyCount "102"]
[EventDate "2017.06.29"]
[EventType "swiss"]
[EventRounds "7"]
[EventCountry "BRA"]
[SourceTitle "CBM 179 Extra"]
[Source "ChessBase"]
[SourceDate "2017.08.23"]
[SourceVersion "1"]
[SourceVersionDate "2017.08.23"]
[SourceQuality "1"]

1. e4 e5 2. Nf3 Nf6 3. d4 Nxe4 4. dxe5 d5 5. exd6 Nxd6 6. Nc3 Be7 7. Bf4 0-0 8. Qd2 Nc6 9. 0-0-0 Be6 10. h4 Nb4 11. a3 Na2+ 12. Kb1 Nxc3+ 13. Qxc3 Bg4 14. Bd3 Bf6 15. Be5 Bxe5 16. Qxe5 Qf6 17. Qxf6 gxf6 18. Rde1 Bxf3 19. gxf3 Rfe8 20. Kc1 Rxe1+ 21. Rxe1 Re8 22. Rg1+ Kh8 23. f4 Rg8 24. Rg3 Rxg3 25. fxg3 f5 26. Kd2 Kg7 27. Ke3 Kf6 28. Be2 b6 29. b4 Ke6 30. Kd4 f6 31. a4 Ne4 32. Bc4+ Kd6 33. Bg8 h6 34. g4 c5+ 35. bxc5+ bxc5+ 36. Ke3 Nc3 37. g5 fxg5 38. fxg5 hxg5 39. hxg5 Ke5 40. g6 Kf6 41. a5 Kxg6 42. Kd3 Ne4 43. Bd5 Nd6 44. Bf3 Kf6 45. a6 Ke5 46. Ke3 c4 47. Be2 f4+ 48. Kf3 Ne4 49. Bf1 Nd2+ 50. Kf2 Nxf1 51. Kxf1 Kd4 0-1

[Event "Florianopolis Winter U220 op"]
[Site "Florianopolis"]
[Date "2016.08.20"]
[Round "3"]
[White "De Haro, Martim Alfonso"]
[Black "Cardoso, Leandro Ubialli"]
[Result "0-1"]
[WhiteElo "2079"]
[BlackElo "1789"]
[PlyCount "80"]
[EventDate "2016.08.19"]
[EventType "swiss"]
[EventRounds "7"]
[EventCountry "BRA"]
[SourceTitle "CBM 174 Extra"]
[Source "ChessBase"]
[SourceDate "2016.10.10"]
[SourceVersion "1"]
[SourceVersionDate "2016.10.10"]
[SourceQuality "1"]

1. d4 Nf6 2. c4 c5 3. d5 e6 4. Nc3 exd5 5. cxd5 d6 6. g3 g6 7. Bg2 Bg7 8. Nf3 0-0 9. 0-0 Re8 10. Nd2 a6 11. a4 Nbd7 12. Nc4 Ne5 13. Na3 Bd7 14. h3 b5 15. f4 Neg4 16. hxg4 b4 17. g5 Ng4 18. Nc4 bxc3 19. bxc3 Bxc3 20. Ra3 Bb4 21. Rd3 Bf5 22. Rb3 Ra7 23. Bf3 h5 24. gxh6 Nxh6 25. Rxb4 cxb4 26. Qd4 Rb7 27. Bb2 f6 28. e4 Bg4 29. Qxf6 Qxf6 30. Bxf6 Bxf3 31. Rxf3 Nf7 32. Bb2 Rxe4 33. Na5 Rbe7 34. Nc6 Re1+ 35. Kg2 R7e2+ 36. Rf2 Rxf2+ 37. Kxf2 Rb1 38. Bf6 Nh6 39. Ke2 Kf7 40. Bd4 Nf5 0-1

[Event "Icara op U2200 1st"]
[Site "Icara"]
[Date "2016.08.07"]
[Round "7"]
[White "Senger, Maria Clara da Silv"]
[Black "Cardoso, Leandro Ubialli"]
[Result "0-1"]
[WhiteElo "1236"]
[BlackElo "1789"]
[PlyCount "88"]
[EventDate "2016.08.05"]
[EventType "swiss"]
[EventRounds "7"]
[EventCountry "BRA"]
[SourceTitle "CBM 173 Extra"]
[Source "ChessBase"]
[SourceDate "2016.08.29"]
[SourceVersion "1"]
[SourceVersionDate "2016.08.29"]
[SourceQuality "1"]

1. d4 Nf6 2. Nf3 c5 3. Bf4 g6 4. h3 Bg7 5. e3 0-0 6. c3 d6 7. Be2 b6 8. 0-0 Bb7 9. Nbd2 Re8 10. Nb3 Nbd7 11. Qc2 Qc7 12. Nbd2 a6 13. Rfe1 b5 14. b3 Rac8 15. c4 Qb6 16. cxb5 cxd4 17. Qd3 Nh5 18. Bh2 dxe3 19. Qxe3 Qxe3 20. fxe3 Bxa1 21. Rxa1 axb5 22. Bxb5 Bc6 23. Be2 Nhf6 24. Nd4 Ba8 25. N2f3 Nc5 26. Kf2 Bb7 27. b4 Nce4+ 28. Kg1 Nd5 29. Bd3 Nxb4 30. Bxe4 Bxe4 31. Nd2 Bd3 32. N4f3 Nc2 33. Rb1 Nxe3 34. Rb3 Rc1+ 35. Kf2 Nd1+ 36. Kg3 Bc2 37. Rb5 e5 38. a4 f5 39. a5 f4+ 40. Kg4 Nf2+ 41. Kh4 h6 42. a6 Kg7 43. Rb7+ Kf6 44. a7 g5+ 0-1

[Event "BRA-ch U18"]
[Site "Itajai"]
[Date "2016.06.12"]
[Round "6"]
[White "Dalanhol, Joao Vitor"]
[Black "Cardoso, Leandro Ubialli"]
[Result "1-0"]
[WhiteElo "1901"]
[BlackElo "1773"]
[PlyCount "73"]
[EventDate "2016.06.09"]
[EventType "swiss"]
[EventRounds "6"]
[EventCountry "BRA"]
[SourceTitle "CBM 172 Extra"]
[Source "ChessBase"]
[SourceDate "2016.06.21"]
[SourceVersion "1"]
[SourceVersionDate "2016.06.21"]
[SourceQuality "1"]

1. e4 d5 2. Nc3 dxe4 3. Nxe4 g6 4. d4 Bg7 5. Nf3 Bg4 6. c3 Nf6 7. Ng3 0-0 8. h3 Bxf3 9. Qxf3 Nc6 10. Bb5 Qd7 11. Bxc6 bxc6 12. 0-0 Rab8 13. b3 Qd5 14. Qe3 Rfe8 15. Bb2 a5 16. c4 Qd6 17. Bc3 Nd7 18. Ne4 Qa3 19. Nd2 e5 20. dxe5 Bxe5 21. Bxe5 Nxe5 22. Rfe1 Rbd8 23. Nf3 Rd3 24. Qxd3 Nxd3 25. Rxe8+ Kg7 26. Rd1 Nc5 27. Re2 Ne6 28. Ne5 Nf4 29. Re4 Qb2 30. Rxf4 Qxe5 31. Rf3 Qe2 32. Rd7 Qxa2 33. Rfxf7+ Kh6 34. Rxh7+ Kg5 35. Rdf7 Qa1+ 36. Kh2 Qe5+ 37. f4+ 1-0

[Event "BRA-ch U18"]
[Site "Itajai"]
[Date "2016.06.11"]
[Round "5"]
[White "Cardoso, Leandro Ubialli"]
[Black "De Melo, Tiago Rosa"]
[Result "1/2-1/2"]
[WhiteElo "1773"]
[BlackElo "1757"]
[PlyCount "107"]
[EventDate "2016.06.09"]
[EventType "swiss"]
[EventRounds "6"]
[EventCountry "BRA"]
[SourceTitle "CBM 172 Extra"]
[Source "ChessBase"]
[SourceDate "2016.06.21"]
[SourceVersion "1"]
[SourceVersionDate "2016.06.21"]
[SourceQuality "1"]

1. e4 e6 2. c4 d5 3. exd5 exd5 4. d4 Nf6 5. Nc3 Nc6 6. Be3 Be7 7. Bd3 0-0 8. Nge2 Nb4 9. 0-0 Nxd3 10. Qxd3 dxc4 11. Qxc4 Be6 12. Qd3 Nd5 13. Nf4 Nxf4 14. Bxf4 c6 15. Rad1 Bf6 16. b3 Bd5 17. Be5 Re8 18. f4 Be7 19. f5 f6 20. Bg3 Rc8 21. Rfe1 Qa5 22. Nxd5 Qxd5 23. Qc4 Rcd8 24. Re2 Kf7 25. Bf2 c5 26. Red2 cxd4 27. Qxd5+ Rxd5 28. Rxd4 Rxd4 29. Rxd4 b6 30. Rd7 Ra8 31. Bg3 Ke8 32. Rb7 a6 33. Bf2 b5 34. Kf1 Rc8 35. a4 bxa4 36. bxa4 Rc4 37. a5 Rf4 38. Ke2 Rxf5 39. Bb6 Bb4 40. Rxg7 Bxa5 41. Bxa5 Rxa5 42. Rxh7 Rg5 43. Kf3 a5 44. Ra7 Rh5 45. h3 Kf8 46. Kg4 Rg5+ 47. Kf3 Rh5 48. Kg3 Kg8 49. h4 Rb5 50. Kg4 Rc5 51. h5 Rg5+ 52. Kh4 Rxg2 53. Rxa5 Kg7 54. Ra8 1/2-1/2

[Event "Florianopolis Santa Catarina op"]
[Site "Florianopolis"]
[Date "2014.06.21"]
[Round "3"]
[White "Cardoso, Leandro Ubialli"]
[Black "Basilio, Osnir Jose De Melo"]
[Result "1/2-1/2"]
[WhiteElo "1892"]
[BlackElo "1780"]
[PlyCount "61"]
[EventDate "2014.06.20"]
[EventType "swiss"]
[EventRounds "6"]
[EventCountry "BRA"]
[SourceTitle "CBM 161 Extra"]
[Source "ChessBase"]
[SourceDate "2014.08.29"]
[SourceVersion "1"]
[SourceVersionDate "2014.08.29"]
[SourceQuality "1"]

1. Nc3 d5 2. e4 d4 3. Nce2 e5 4. d3 c5 5. f4 f6 6. fxe5 fxe5 7. Nf3 Nc6 8. Ng3 Be7 9. Be2 Bf6 10. 0-0 Nge7 11. Nh5 0-0 12. Nxf6+ Rxf6 13. Bg5 Rf7 14. Nd2 Qf8 15. Nc4 h6 16. Rxf7 Qxf7 17. Bh4 Ng6 18. Bh5 Qe6 19. Bxg6 Qxg6 20. Bg3 Bg4 21. Qe1 Re8 22. a3 b5 23. Nd2 a6 24. Kh1 Qh5 25. h3 Rf8 26. Bh2 Bc8 27. Qd1 Qg5 28. Nf3 Qf6 29. Ng1 Qg5 30. Nf3 Qf6 31. Ng1 1/2-1/2